Υπαρξισμός-η φιλοσοφία της απελπισίας

Αποθηκεύτηκε σε:
Λεπτομέρειες βιβλιογραφικής εγγραφής
Κύριος συγγραφέας: Κυριαζόπουλος, Γεώργιος Β.
Μορφή: Βιβλίο
Γλώσσα:Greek
Δημοσίευση: Αθήναι : [χ.ό.], 1974
Θέματα:
Ετικέτες: Προσθήκη ετικέτας
Δεν υπάρχουν, Καταχωρήστε ετικέτα πρώτοι!

MARC

LEADER 00000cam a2200000 i 4500
001 1/72364
008 961118s1974 gre d
035 |a 1996  |b 3  |c Δωρεά  |l 10031220 
040 |a GR-MY-UA  |b gre  |e aacr 
041 0 |a gre 
082 0 |a 142.78  |2 (22) 
100 1 |a Κυριαζόπουλος, Γεώργιος Β. 
245 1 0 |a Υπαρξισμός-η φιλοσοφία της απελπισίας /  |c Γεωργίου Κυριαζοπούλου 
260 |a Αθήναι :   |b [χ.ό.],   |c 1974 
300 |a 16 σ.;  |c 24 εκ. 
650 0 0 |a Existentialism. 
852 |a INST  |b RHODES  |e 19961118  |h 142.78 ΚΥΡ  |p 005400006972  |q 005400006972  |t BK  |y 0 
852 |a INST  |b RHODES  |c AKA  |e 20080628  |h  142.78 ΚΥΡ  |p 005400027841  |q 005400027841  |t BK  |y 0 
909 |a Ρ  |b 042974  |c 1996 
909 |a Ρ  |b 150711 
922 |a 4ΔΩΡ  |b 199611 
970 |z 2000/08/ΔΕΜΕΝΑΓΑΣ ΠΕΤΡΟΣ